Radiative transfer (Record no. 7566)

MARC details
000 -LEADER
fixed length control field 00584nam a2200193Ia 4500
003 - CONTROL NUMBER IDENTIFIER
control field IN-BaIIA
008 - FIXED-LENGTH DATA ELEMENTS--GENERAL INFORMATION
fixed length control field 211028s9999 xx 000 0 eng d
040 ## - CATALOGING SOURCE
Transcribing agency IIA Library
080 ## - UNIVERSAL DECIMAL CLASSIFICATION NUMBER
Universal Decimal Classification number 524.3-64
Item number CHA
100 ## - MAIN ENTRY--PERSONAL NAME
Personal name Chandrasekhar, S.
9 (RLIN) 1248
245 #0 - TITLE STATEMENT
Title Radiative transfer
Statement of responsibility, etc. S. Chandrasekhar
260 ## - PUBLICATION, DISTRIBUTION, ETC.
Place of publication, distribution, etc. Oxford
Name of publisher, distributor, etc. Clarendon Press
Date of publication, distribution, etc. 1950
300 ## - PHYSICAL DESCRIPTION
Extent xiv, 393p.
500 ## - GENERAL NOTE
General note Donated by Mrs. Bappu
650 ## - SUBJECT ADDED ENTRY--TOPICAL TERM
Topical term or geographic name entry element Isotopic Scattering
9 (RLIN) 12833
650 ## - SUBJECT ADDED ENTRY--TOPICAL TERM
Topical term or geographic name entry element Principles of Invariance
9 (RLIN) 12834
650 ## - SUBJECT ADDED ENTRY--TOPICAL TERM
Topical term or geographic name entry element Quadrature Formulae
9 (RLIN) 12835
942 ## - ADDED ENTRY ELEMENTS (KOHA)
Koha item type Books
Holdings
Withdrawn status Lost status Damaged status Not for loan Home library Current library Shelving location Date acquired Total Checkouts Full call number Barcode Date last seen Price effective from Koha item type
        IIA Library-Bangalore IIA Library-Bangalore General Stacks 18/07/1983   524.3-64/ CHA 8380 05/11/2021 18/07/1983 Books

Powered by Koha